Historias del Magdalena : voces y memorias del territorio /
Guardat en:
| Altres autors: | , , |
|---|---|
| Format: | Electrònic eBook |
| Idioma: | espanyol |
| Publicat: |
Santa Marta D.T.C.H. - Colombia :
Editorial Unimagdalena,
[2024]
|
| Edició: | Primera edición. |
| Col·lecció: | Colección Ciencias sociales (Editorial Unimagdalena). Serie Antropología y sociología.
|
| Matèries: | |
| Accés en línia: | Digitalia Hispánica |
| Etiquetes: |
Afegir etiqueta
Sense etiquetes, Sigues el primer a etiquetar aquest registre!
|
MARC
| LEADER | 00000nam a2200000Ii 4500 | ||
|---|---|---|---|
| 001 | DIGUNIMAG0177 | ||
| 003 | NyNyDIG | ||
| 006 | m o d | ||
| 007 | cr ||||||||||| | ||
| 008 | 241015s2024 ck ab ob 000 0 spa d | ||
| 035 | |a (OCoLC)1449546395 | ||
| 040 | |a DGITA |b eng |e rda |e pn |c DGITA | ||
| 020 | |a 9789587467031 |q (pdf) | ||
| 020 | |a 9789587467048 |q (ePub) | ||
| 020 | |z 9789587467024 |q (impreso) | ||
| 043 | |a s-ck--- | ||
| 050 | 1 | 4 | |a F2281.M2 ebook |
| 245 | 0 | 0 | |a Historias del Magdalena : |b voces y memorias del territorio / |c editores, Fabio Silva Vallejo, Alexander Rodríguez Contreras, Adriano Guerra. |
| 250 | |a Primera edición. | ||
| 264 | 1 | |a Santa Marta D.T.C.H. - Colombia : |b Editorial Unimagdalena, |c [2024] | |
| 300 | |a 1 online resource : |b illustrations, maps. | ||
| 336 | |a text |b txt |2 rdacontent | ||
| 337 | |a computer |b c |2 rdamedia | ||
| 338 | |a online resource |b cr |2 rdacarrier | ||
| 347 | |a text file |2 rdaft | ||
| 347 | |b EPUB | ||
| 490 | 1 | |a Colección Ciencias sociales, serie Antropología y sociología | |
| 504 | |a Includes bibliographical references. | ||
| 588 | 0 | |a Online resource; title from ePub title page (Digitalia, viewed October 15, 2024) | |
| 651 | 0 | |a Magdalena (Colombia : Department) |x History. | |
| 651 | 0 | |a Santa Marta (Colombia) |x History. | |
| 700 | 1 | |a Silva Vallejo, Fabio, |d 1962- |e editor. | |
| 700 | 1 | |a Rodríguez Contreras, Alexander, |d 1986- |e editor. | |
| 700 | 1 | |a Guerra, Adriano Israel, |e editor. | |
| 776 | 0 | 8 | |i Print version: |t Historias del Magdalena. |b Primera edición. |d Santa Marta D.T.C.H. - Colombia : Editorial Unimagdalena, [2024] |z 9789587467024 |
| 791 | 2 | |a Digitalia (Firm), |e distributor. | |
| 793 | 0 | |g Digitalia eBook Collection: |a Ediciones Unimagdalena | |
| 830 | 0 | |a Colección Ciencias sociales (Editorial Unimagdalena). |p Serie Antropología y sociología. | |
| 856 | 4 | 0 | |3 Digitalia Hispánica |u https://digitalia.unach.elogim.com/a/159154/ |
| 910 | |a Premium collection: 2024 | ||